<?xml version="1.0" encoding="UTF-8"?>
<record
    xmlns:xsi="http://www.w3.org/2001/XMLSchema-instance"
    xsi:schemaLocation="http://www.loc.gov/MARC21/slim http://www.loc.gov/standards/marcxml/schema/MARC21slim.xsd"
    xmlns="http://www.loc.gov/MARC21/slim">

  <leader>00532nam a22001817a 4500</leader>
  <controlfield tag="005">20250331155210.0</controlfield>
  <controlfield tag="008">240305b        |||||||| |||| 00| 0 eng d</controlfield>
  <datafield tag="041" ind1=" " ind2=" ">
    <subfield code="a">mar</subfield>
  </datafield>
  <datafield tag="082" ind1=" " ind2=" ">
    <subfield code="2">23</subfield>
    <subfield code="a">610.73</subfield>
    <subfield code="b">&#x939;&#x932;&#x915;&#x93E;</subfield>
  </datafield>
  <datafield tag="100" ind1=" " ind2=" ">
    <subfield code="a">&#x939;&#x932;&#x915;&#x93E;&#x930;&#x947;, &#x935;&#x93F;&#x91C;&#x92F;&#x93E;</subfield>
  </datafield>
  <datafield tag="245" ind1=" " ind2=" ">
    <subfield code="a">&#x92E;&#x93E;&#x928;&#x938; &#x936;&#x93E;&#x938;&#x94D;&#x924;&#x94D;&#x930; </subfield>
    <subfield code="b">(Psychology)</subfield>
  </datafield>
  <datafield tag="250" ind1=" " ind2=" ">
    <subfield code="a">1</subfield>
  </datafield>
  <datafield tag="260" ind1=" " ind2=" ">
    <subfield code="a">Mumbai</subfield>
    <subfield code="b">&#x935;&#x94B;&#x930;&#x93E; &#x92E;&#x947;&#x921;&#x93F;&#x915;&#x932; &#x92A;&#x92C;&#x94D;&#x932;&#x93F;&#x915;&#x947;&#x936;&#x928;</subfield>
    <subfield code="c">2008</subfield>
  </datafield>
  <datafield tag="300" ind1=" " ind2=" ">
    <subfield code="a">V;159P.</subfield>
  </datafield>
  <datafield tag="650" ind1=" " ind2=" ">
    <subfield code="a">Psychology</subfield>
    <subfield code="9">106838</subfield>
  </datafield>
  <datafield tag="651" ind1=" " ind2=" ">
    <subfield code="a">MISCELLNOUS</subfield>
  </datafield>
  <datafield tag="942" ind1=" " ind2=" ">
    <subfield code="c">DB</subfield>
  </datafield>
  <datafield tag="999" ind1=" " ind2=" ">
    <subfield code="c">357403</subfield>
    <subfield code="d">357403</subfield>
  </datafield>
  <datafield tag="952" ind1=" " ind2=" ">
    <subfield code="0">0</subfield>
    <subfield code="1">0</subfield>
    <subfield code="2">ddc</subfield>
    <subfield code="4">0</subfield>
    <subfield code="7">0</subfield>
    <subfield code="a">SNCN</subfield>
    <subfield code="b">SNCN</subfield>
    <subfield code="d">2024-02-02</subfield>
    <subfield code="e">Donated by Avanti Institute of Cardiology Pvt. Ltd., Nagpur</subfield>
    <subfield code="g">17.60</subfield>
    <subfield code="i">IK#2023-24#00095</subfield>
    <subfield code="o">610.73 &#x939;&#x932;&#x915;&#x93E;</subfield>
    <subfield code="p">SNCN-DB-172</subfield>
    <subfield code="r">2024-03-05 00:00:00</subfield>
    <subfield code="v">70.00</subfield>
    <subfield code="w">2024-02-01</subfield>
    <subfield code="y">DB</subfield>
  </datafield>
  <datafield tag="952" ind1=" " ind2=" ">
    <subfield code="0">0</subfield>
    <subfield code="1">0</subfield>
    <subfield code="2">ddc</subfield>
    <subfield code="4">0</subfield>
    <subfield code="7">0</subfield>
    <subfield code="a">SNCN</subfield>
    <subfield code="b">SNCN</subfield>
    <subfield code="d">2024-02-02</subfield>
    <subfield code="e">Donated by Avanti Institute of Cardiology Pvt. Ltd., Nagpur</subfield>
    <subfield code="g">17.60</subfield>
    <subfield code="i">IK#2023-24#00095</subfield>
    <subfield code="o">610.73 &#x939;&#x932;&#x915;&#x93E;</subfield>
    <subfield code="p">SNCN-DB-173</subfield>
    <subfield code="r">2024-03-05 00:00:00</subfield>
    <subfield code="v">70.00</subfield>
    <subfield code="w">2024-02-01</subfield>
    <subfield code="y">DB</subfield>
  </datafield>
  <datafield tag="952" ind1=" " ind2=" ">
    <subfield code="0">0</subfield>
    <subfield code="1">0</subfield>
    <subfield code="2">ddc</subfield>
    <subfield code="4">0</subfield>
    <subfield code="7">0</subfield>
    <subfield code="a">SNCN</subfield>
    <subfield code="b">SNCN</subfield>
    <subfield code="d">2024-02-02</subfield>
    <subfield code="e">Donated by Avanti Institute of Cardiology Pvt. Ltd., Nagpur</subfield>
    <subfield code="g">17.60</subfield>
    <subfield code="i">IK#2023-24#00095</subfield>
    <subfield code="o">610.73 &#x939;&#x932;&#x915;&#x93E;</subfield>
    <subfield code="p">SNCN-DB-174</subfield>
    <subfield code="r">2024-03-05 00:00:00</subfield>
    <subfield code="v">70.00</subfield>
    <subfield code="w">2024-02-01</subfield>
    <subfield code="y">DB</subfield>
  </datafield>
</record>
